Obras escogidas de Manuel Rojas
Saved in:
| Hovedforfatter: | |
|---|---|
| Format: | Bog |
| Sprog: | portugisisk |
| Udgivet: |
Santiago
Zig-Zag
1974
|
| Udgivelse: | 3a. ed |
| Fag: | |
| Tags: |
Tilføj Tag
Ingen Tags, Vær først til at tagge denne postø!
|
MARC
| LEADER | 00000nam a2200000 a 4500 | ||
|---|---|---|---|
| 001 | UCG4134 | ||
| 003 | CL-VaPUC | ||
| 008 | 101007e19740600CL |||||||||||||||||por|d | ||
| 082 | 0 | 4 | |a Ch863 |b ROJ |2 21 |
| 100 | 0 | |a Rojas, Manuel |e author |9 313776 | |
| 245 | 1 | 0 | |a Obras escogidas de Manuel Rojas |
| 250 | |a 3a. ed | ||
| 300 | |a t | ||
| 942 | |c BK | ||
| 945 | |d 20101007 00:00:00 |a mfarfan | ||
| 260 | |a Santiago |b Zig-Zag |c 1974 | ||
| 650 | 0 | |a Literatura chilena |9 308278 | |
| 650 | 0 | |a Novelas chilenas |9 265425 | |
| 650 | 0 | |a Escritores chilenos |9 420370 | |
| 583 | |a last modification |c 20101007 00:00:00 |k Rodrigo Vera | ||
| 999 | |c 342985 |d 342983 | ||
| 952 | |0 0 |1 0 |4 0 |6 CH_863_000000000000000_ROJ_1974 |7 0 |8 A |9 439775 |a BIBEDU |b BIBEDU |d 2019-11-22 |i 4725204 |o Ch863 ROJ 1974 |p 4725204 |r 2019-11-22 |w 2019-11-22 |y BK |k LIT | ||